My Name Has Meaning Quiz Stats

Quiz Updated May 1, 2016

Challenge
Share
Tweet
Embed
Score 0/18 Timer 03:00
6 Plays Today
% Correct
Candy
95%
Daisy
94.5%
Ginger
94.3%
Penny
94.3%
Dawn
94.3%
Mark
93.8%
Sue
93.6%
Holly
92.9%
Will
92.4%
% Correct
Austin
92.4%
Rod
91.7%
Joey
90.1%
Norm
89.5%
Finn
88.2%
Jack
86.9%
Bob
84.3%
Ally
78.2%
Chuck
77.4%

You're not logged in!

Compare scores with friends on all Sporcle quizzes.
Join for Free
OR
Log In

You Might Also Like...

Show Comments

Extras

Top Quizzes Today


Score Distribution

Your Account Isn't Verified!

In order to create a playlist on Sporcle, you need to verify the email address you used during registration. Go to your Sporcle Settings to finish the process.

Report this User

Report this user for behavior that violates our Community Guidelines.

Details: